00779nam a22002057a 4500003000400000005001700004008004100021020001800062040002400080100001700104245004600121264014700167300002400314504003600338650004400374650003800418650001900456710007300475710002500548OSt20170420121524.0170420s2015 xxk ob 000 0 eng d a9781784534165 aEs-BaCBUbcatcCDMR1 aKüng, Lucy10aInnovators in digital news /cLucy Küng 1aLondon ;aNew York :bI.B. Tauris & Co. Ltd in association with the Reuters Institute for the Study of Journalism, University of Oxford,c2015 axi, 125 p. ;c22 cm aReferències bibliogràfiques00aPeriodismexInnovacions tecnològiques00aMitjans de comunicació digitals04aPremsa digital2 aUniversity of Oxford.bReuters Institute for the Study of Journalism2 aUniversity of Oxford